[Event "Toronto op"]
[Site "Toronto"]
[Date "1995.??.??"]
[Round "7"]
[White "Spraggett, Grant"]
[Black "Djerkovic, Miladin"]
[Result "1-0"]
[WhiteElo "2355"]
[BlackElo "2190"]

1.c4 e5 2.g3 Nf6 3.Bg2 d5 4.cxd5 Nxd5 5.Nc3 Nb6 6.Nf3 Nc6 7.O-O Be7 8.d3 O-O
9.a3 Be6 10.b4 Nd4 11.Rb1 Nxf3+ 12.Bxf3 Nd5 13.Bb2 f6 14.Na4 Rf7 15.Qc2 c6
16.Rfd1 a5 17.e4 Nc7 18.d4 exd4 19.Rxd4 Qf8 20.Nb6 Nb5 21.Rdd1 Ra6 22.Nd7 Qc8
23.Nc5 Bxc5 24.bxc5 a4 25.Qd2 Ra8 26.Qb4 Bb3 27.Rd2 Rd7 28.Bg4 Rd4 29.Bxc8 Rxb4
30.Rd8+ Kf7 31.axb4 Ke7 32.Rd7+  1-0

[Event "Toronto op"]
[Site "Toronto"]
[Date "1995.??.??"]
[Round "8"]
[White "Norwood, David"]
[Black "Spraggett, Grant"]
[Result "1-0"]
[WhiteElo "2545"]
[BlackElo "2355"]

1.g3 e5 2.c4 Nf6 3.Bg2 d5 4.cxd5 Nxd5 5.Nc3 Nb6 6.Nf3 Nc6 7.O-O Be7 8.a3 O-O
9.b4 Re8 10.d3 Bf8 11.Bb2 a5 12.b5 Nd4 13.Nxd4 exd4 14.Ne4 Bg4 15.Rc1 a4
16.h3 Bh5 17.g4 Bg6 18.Nc5 Bxc5 19.Rxc5 Qd6 20.Rc2 Rab8 21.Qa1 Red8 22.Rfc1 Rd7
23.Rc5 f6 24.Qb1 Bf7 25.Qc2 Bb3 26.Qd2 Nc8 27.Qb4 Ne7 28.Rxc7 Qxb4 29.axb4 Rxc7
30.Rxc7 Nd5 31.Bxd5+ Bxd5 32.Bxd4 a3 33.g5 fxg5 34.Rxg7+ Kf8 35.Rxg5 Rd8
36.Ba1 a2 37.b6 Rd6 38.f4 Be6 39.Ra5 Rc6 40.Bd4 Rc2 41.f5  1-0

[Event "FRA-ch"]
[Site "Toulouse"]
[Date "1995.??.??"]
[Round "1"]
[White "Bricard, Emmanuel"]
[Black "Sharif, Mershad"]
[Result "1/2-1/2"]
[WhiteElo "2485"]
[BlackElo "2465"]

1.c4 e5 2.g3 Nf6 3.Bg2 Nc6 4.Nc3 Bb4 5.Nd5 Bc5 6.a3 Nxd5 7.cxd5 Ne7 8.d4 exd4
9.b4 Bb6 10.Bb2 Nf5 11.Nf3 d6 12.O-O a5 13.b5 a4 14.Rb1 O-O 15.Nxd4 Bc5 16.Nc2 Bd7
17.Qd3 Qg5 18.e4 Qg6 19.Nd4 Nxd4 20.Bxd4 b6 21.f4 Ra5 22.Bxc5 dxc5 23.Rf2 Qd6
24.Qc4 f6 25.Re2 Re8 26.h4 h6 27.Kh2 Kh8 28.Bh3 Bxh3 29.Kxh3 Re7 30.Kg2 Re8
31.Re3 Re7 32.Kf3 Re8 33.Rbe1 Qd7 34.Rb1 Qd6 35.Rbe1 Qd7 36.Rb1  1/2-1/2

[Event "FRA-ch"]
[Site "Toulouse"]
[Date "1995.??.??"]
[Round "4"]
[White "Chabanon, Jean Luc"]
[Black "Bricard, Emmanuel"]
[Result "1-0"]
[WhiteElo "2480"]
[BlackElo "2485"]

1.c4 e5 2.g3 Nc6 3.Bg2 g6 4.Nc3 Bg7 5.Rb1 d6 6.b4 f5 7.d3 Nh6 8.e3 e4 9.d4 Be6
10.Qb3 Bf7 11.f3 exf3 12.Bxf3 f4 13.d5 Ne5 14.gxf4 Qh4+ 15.Ke2 Neg4 16.Ne4 O-O
17.Bd2 Rae8 18.h3 Nxe3 19.Qxe3 Nf5 20.Qf2 Qe7 21.Kd1 Qd7 22.b5 Bd4 23.Qxd4  1-0

[Event "FRA-ch"]
[Site "Toulouse"]
[Date "1995.??.??"]
[Round "11"]
[White "Grimberg, Gilbert"]
[Black "Relange, Eloi"]
[Result "0-1"]
[WhiteElo "2275"]
[BlackElo "2455"]

1.c4 e5 2.g3 Nc6 3.Bg2 g6 4.Nc3 Bg7 5.e3 d6 6.d3 Nf6 7.Rb1 a5 8.a3 O-O 9.Nge2 Be6
10.Nd5 Nh5 11.b4 axb4 12.axb4 Nb8 13.Ndc3 c6 14.Bb2 d5 15.cxd5 cxd5 16.O-O Qd6
17.Ra1 Nd7 18.Qc2 Nhf6 19.Rfb1 Rxa1 20.Bxa1 Ra8 21.h3 h5 22.Na4 b6 23.Nac3 Qc6
24.Qd2 Bf8 25.Qb2 b5 26.f4 Qb6 27.Nd1 Bd6 28.Qd2 Ra3 29.fxe5 Nxe5 30.Nf2 Bf5
31.Bd4 Qa6 32.e4 dxe4 33.dxe4 Be6 34.Qg5 Nfd7 35.Nf4 f6 36.Qh4 Bf7 37.Nd5 Kg7
38.Nxf6 Nxf6 39.g4 Qc8 40.Rf1 Bc4 41.Nd3 Qe6 42.Nf4 Qe7 43.Nxh5+ Nxh5 44.Qxe7+ Bxe7
45.Bxe5+ Bf6 46.Rxf6 Nxf6 47.g5 Rb3 48.gxf6+ Kf7 49.Bd6 Kxf6 50.e5+ Kf5 51.Bc6 Rxh3
52.Bd7+ Be6 53.Bxb5 Rb3 54.Bc6 g5 55.b5 Bc4 56.Bd7+ Kg6 57.Be8+ Kg7 58.Be7 g4
59.Bf6+ Kh6 60.Bd7 Bxb5 61.e6 Kg6 62.Bh4 Rb2 63.Bc8 Kf5 64.Bg3 Rc2  0-1

[Event "Tula"]
[Site "Tula"]
[Date "1995.??.??"]
[Round "?"]
[White "Rustemov, Alexander"]
[Black "Maljutin, Evgeni"]
[Result "0-1"]
[WhiteElo "2450"]
[BlackElo "2500"]

1.c4 e5 2.g3 c6 3.d4 Bb4+ 4.Bd2 Bxd2+ 5.Qxd2 d6 6.Nc3 Nf6 7.Bg2 O-O 8.d5 c5
9.e4 a6 10.Nge2 Qa5 11.Nd1 Qxd2+ 12.Kxd2 b5 13.a3 Nbd7 14.Ne3 Nb6 15.cxb5 axb5
16.Nc3 Bd7 17.b4 Rfc8 18.Rhb1 g6 19.Bf1 c4 20.Be2 h5 21.f3 h4 22.g4 Kg7 23.Ng2 Rh8
24.Ra2 Nh7 25.Ne3 Ng5 26.Rba1 Ra7 27.Bd1 Rb8 28.Ke2 Nh3 29.Bc2 Kf6 30.Ng2 Nf4+
31.Nxf4 exf4 32.Kd2 Rc8 33.Ne2 Ke5 34.Kc3 f5 35.gxf5 gxf5 36.Rg1 fxe4 37.Bxe4 Nxd5+
38.Bxd5 Kxd5 39.Rg7 Rca8 40.Rd2+ Ke5 41.Kb2 Be8 42.Rg8 Bf7 43.Rxa8 Rxa8 44.Nc3 Rb8
45.Re2+ Kf5 46.Re7 Bh5 47.Ne2 Bxf3 48.Nd4+ Kf6 49.Re6+ Kf7 50.Rh6 Be4 51.Kc3 Rf8
52.Rxh4 Kg6 53.Ne6 Rf6 54.Nxf4+ Kg5 55.Rh5+ Kxf4 56.Rxb5 d5 57.Kd4 Ra6 58.Rb8 Rxa3
59.Rf8+ Kg5 60.b5 Rb3 61.Rg8+ Kf6  0-1

[Event "Vienna op"]
[Site "Vienna"]
[Date "1995.??.??"]
[Round "6"]
[White "Teske, Henrik"]
[Black "Kogan, Artur"]
[Result "1-0"]
[WhiteElo "2500"]
[BlackElo "2495"]

1.c4 e5 2.g3 Nc6 3.Bg2 g6 4.Nc3 Bg7 5.e3 d6 6.Nge2 f5 7.d4 Nf6 8.dxe5 Nxe5
9.O-O O-O 10.b3 g5 11.Bb2 Ng6 12.Qd2 Qe7 13.Rad1 h5 14.Qc2 Qf7 15.Nd4 Ne7
16.Ndb5 Ng6 17.Nd4 Ne7 18.f4 Qg6 19.Nf3 Bh6 20.Nb5 Ne8 21.Nxg5 a6 22.Nd4 Bxg5
23.fxg5 Qxg5 24.e4 f4 25.Qd2 Ng6 26.Bc1 Bg4 27.Rde1 Qc5 28.h3 Bd7 29.Rf3 Ng7
30.Kh1 Rae8 31.Bb2 Bg4 32.hxg4 hxg4 33.Rxf4 Nxf4 34.gxf4 Qh5+ 35.Kg1 g3 36.Nf3 Qg4
37.f5 Rf7 38.Ng5 Rxf5 39.exf5 Rxe1+ 40.Qxe1 Qxg5 41.Bxb7 Qxf5 42.Bd5+ Kf8
43.Bxg7+ Kxg7 44.Qxg3+ Kh6 45.Qh4+ Kg7 46.Qe7+ Kh6 47.Qe6+  1-0

[Event "Viernheim"]
[Site "Viernheim"]
[Date "1995.??.??"]
[Round "5"]
[White "Smejkal, Jan"]
[Black "Schlindwein, Rolf"]
[Result "0-1"]
[WhiteElo "2520"]
[BlackElo "2440"]

1.c4 e5 2.g3 Nc6 3.Bg2 g6 4.Nc3 d6 5.d3 Bg7 6.Rb1 Be6 7.b4 Qd7 8.b5 Nd8 9.e3 f5
10.Nge2 Nf6 11.Nd5 O-O 12.O-O h5 13.Bb2 h4 14.Qd2 Bxd5 15.cxd5 hxg3 16.hxg3 Bh6
17.f4 Nf7 18.e4 Rae8 19.Bh3 Qe7 20.Nc3 exf4 21.gxf4 Nh5 22.Qg2 Nxf4 23.Rxf4 Bxf4
24.Qxg6+ Kh8 25.Qh5+ Kg7 26.Ne2+ Be5 27.Bxf5 Rh8 28.Bxe5+ dxe5 29.Qg4+ Qg5
30.Qxg5+ Nxg5 31.Rc1 Re7 32.Kg2 Nf7 33.Ng3 Nd6 34.Bg4  0-1

[Event "Vila de Salou"]
[Site "Vila de Salou"]
[Date "1995.??.??"]
[Round "2"]
[White "Vidarte Morales, Arturo"]
[Black "Ater, G Hermiz"]
[Result "1-0"]
[WhiteElo "2360"]
[BlackElo "2350"]

1.c4 e5 2.g3 Nf6 3.Bg2 Bc5 4.Nc3 O-O 5.Nf3 Nc6 6.Nxe5 Bxf2+ 7.Kxf2 Nxe5 8.d3 Nfg4+
9.Kg1 Qf6 10.Qf1 Qb6+ 11.e3 Nxe3 12.Qf2 Nxg2 13.Qxb6 cxb6 14.Kxg2 d6 15.d4 Nxc4
16.b3 Na5 17.d5 Bf5 18.Bf4 Rac8 19.Rhc1 Rfd8 20.Kf3 Bd3 21.Ke3 Ba6 22.Kd4 Nc6+
23.dxc6 bxc6 24.Ke3 d5 25.Kd2 f6 26.h4 c5 27.Re1 Kf7 28.a4 Rd7 29.Nb5 Rc6
30.Rac1 d4 31.Re4 Bxb5 32.axb5 Rc8 33.Kd3 Rg8 34.Rce1 g5 35.hxg5 fxg5 36.Bd2 Rg6
37.g4 h6 38.Re8 Rf6 39.Rh8 Kg6 40.Ree8 Rg7 41.Kc2 Rd7 42.Reg8+ Rg7 43.Rd8 Re6
44.Kd3 Rf7 45.Rdg8+ Rg7 46.b4 Re5 47.Re8 Rxe8 48.Rxe8 cxb4 49.Re6+ Kh7 50.Bxb4 h5
51.gxh5 g4 52.h6 Rg8 53.Bd2 g3 54.Re7+ Kh8 55.Bf4  1-0

[Event "NBG Open Weilburg"]
[Site "Weilburg"]
[Date "1995.??.??"]
[Round "9"]
[White "Schuh, Karsten"]
[Black "Pinkas, Karol"]
[Result "1-0"]
[WhiteElo "2090"]
[BlackElo "2390"]

1.c4 e5 2.g3 Nf6 3.Bg2 Nc6 4.Nc3 Bb4 5.e4 Bxc3 6.bxc3 O-O 7.Ne2 d6 8.d3 Be6
9.O-O a6 10.f4 exf4 11.gxf4 Bg4 12.Qe1 Bxe2 13.Qxe2 Nd7 14.Bh3 Re8 15.Rb1 Nc5
16.Be3 Rb8 17.Bg2 Nd7 18.Qg4 Nf8 19.d4 b5 20.e5 Na5 21.f5 dxe5 22.Bh6 Qf6
23.Bg5 Qd6 24.c5 Qd7 25.Bf6 Ng6 26.Bxg7 Nc4 27.Bf6 e4 28.Qh5 Qc6 29.fxg6 fxg6
30.Qh6 Qd7 31.Rbe1 c6 32.Rxe4 Rb7 33.Bh3 Qf7 34.Be5 Qe7 35.Bd6  1-0

[Event "Werfen op"]
[Site "Werfen"]
[Date "1995.??.??"]
[Round "4"]
[White "Piven, Igor"]
[Black "Wuppinger, Manfred"]
[Result "1/2-1/2"]
[WhiteElo "2365"]
[BlackElo "2235"]

1.c4 e5 2.g3 c6 3.Bg2 Nf6 4.a3 Qb6 5.Nc3 h5 6.e3 d6 7.d4 h4 8.Nge2 hxg3 9.hxg3 Rxh1+
10.Bxh1 Bh3 11.b4 Nbd7 12.Bd2 exd4 13.exd4 O-O-O 14.Qa4 Kb8 15.O-O-O Qc7
16.c5 a6 17.Qc2 Ka8 18.Nf4 Bg4 19.f3 Be6 20.Nxe6 fxe6 21.f4 dxc5 22.dxc5 Ng4
23.Ne4 Ndf6 24.Ng5 Qd7 25.Be1 Nd5 26.Qe4 Re8 27.Nf3 Be7 28.Qg6 Nge3 29.Ne5 Qc8
30.Rd3 Bf6 31.Qe4 Rh8 32.Bf3 Nf5 33.g4 Nh4 34.Bd1 g5 35.fxg5 Bxg5+ 36.Kb1 Qe8
37.Rh3 Bf6 38.Kc2 Ng2 39.Qxg2 Bxe5 40.Bd2 Qg6+ 41.Kc1 Rxh3  1/2-1/2

[Event "Oberliga Wuert9495"]
[Site "Wuerttemberg"]
[Date "1995.??.??"]
[Round "?"]
[White "Banaszek, Marcin"]
[Black "Holzhaeuer, Mathias"]
[Result "1-0"]
[WhiteElo "2290"]
[BlackElo "2340"]

1.c4 e5 2.g3 Nf6 3.Bg2 Nc6 4.Nc3 Bb4 5.Nd5 O-O 6.Nxb4 Nxb4 7.a3 Nc6 8.e4 d6
9.Ne2 Bg4 10.f3 Be6 11.d3 a5 12.Be3 Qb8 13.Nc3 Nd4 14.a4 c6 15.O-O h6 16.Kh1 d5
17.f4 dxe4 18.fxe5 Qxe5 19.dxe4 Rad8 20.Nd5 Ng4 21.Bxd4 Qh5 22.h3 cxd5 23.exd5 Bd7
24.Kg1 Nf6 25.Bxf6 Qxd1 26.Raxd1 gxf6 27.b3 Kg7 28.Rf4 Rfe8 29.Rdf1 f5 30.Kf2 Re5
31.Re1 f6 32.Rf3 Rde8 33.Rfe3 b6 34.Kf3 Kf7 35.Kf4 Rxe3 36.Rxe3 Rg8 37.Bf3 Kf8
38.d6 Rg7 39.Bd5 Be8 40.Be6 Bd7 41.Kxf5 Rg5+ 42.Kxf6 Ke8 43.h4  1-0

[Event "Oberliga Wuert9495"]
[Site "Wuerttemberg"]
[Date "1995.??.??"]
[Round "?"]
[White "Banaszek, Marcin"]
[Black "Wilde, Pierre"]
[Result "0-1"]
[WhiteElo "2290"]
[BlackElo "2295"]

1.c4 e5 2.g3 f5 3.Bg2 Nf6 4.Nc3 g6 5.e3 Bg7 6.Nge2 O-O 7.O-O d6 8.d3 c6 9.b4 a6
10.a4 Be6 11.Ba3 d5 12.b5 Re8 13.bxc6 Nxc6 14.cxd5 Nxd5 15.Rb1 Nxc3 16.Nxc3 e4
17.d4 Bc4 18.Re1 Qa5 19.Rc1 b5 20.Bc5 Nb4 21.Bxb4 Qxb4 22.axb5 axb5 23.Qd2 Qa3
24.Bf1 Bxf1 25.Rxf1 Reb8 26.Nd5 b4 27.Rc7 Qa2 28.Ne7+ Kh8 29.Qxa2 Rxa2 30.Nc6 Rc2
31.Nxb8 Rxc7 32.Na6 Rb7 33.Nc5 Rb5 34.Rb1 Bf8 35.Rb3 Kg8 36.Nd7 Be7 37.Kg2 Kf7
38.f3 Ke6 39.Ne5 Kd5 40.Kf2 Bd6 41.f4 g5 42.Ke2 gxf4 43.gxf4 Rb7 44.Kd1 Rg7
45.Rb1 Bxe5 46.dxe5 Kc4 47.Ke2 b3 48.Rc1+ Kb4 49.Rc8 b2 50.Rb8+ Kc3 51.Rc8+ Kb3
52.Rb8+ Kc2 53.Rc8+ Kb1 54.Kd1 Rd7+ 55.Ke2 Ra7 56.Kd2 Ka1 57.Rb8 b1=Q 58.Rxb1+ Kxb1
59.Kc3 Kc1 60.Kc4 Kd2  0-1

[Event "Oberliga Wuert9495"]
[Site "Wuerttemberg"]
[Date "1995.??.??"]
[Round "?"]
[White "Banaszek, Marcin"]
[Black "Bauer, Eckart"]
[Result "1-0"]
[WhiteElo "2290"]
[BlackElo "2300"]

1.c4 e5 2.g3 Nc6 3.Bg2 d6 4.Nc3 Be6 5.d3 Qd7 6.e3 g6 7.Nd5 Nd8 8.e4 c6 9.Nc3 Bg7
10.Be3 Nf6 11.Bg5 O-O 12.Nge2 h5 13.O-O Nh7 14.Be3 Nf6 15.f4 Ng4 16.Bd2 f5
17.Rc1 Nf7 18.b3 Rad8 19.h3 Nf6 20.Kh2 Qe7 21.Qe1 Nd7 22.Be3 Rfe8 23.Qf2 Nh6
24.Rcd1 exf4 25.gxf4 Bf6 26.Qg1 Kh7 27.d4 fxe4 28.Nxe4 Bf5 29.N2c3 Qe6 30.Rfe1 d5
31.cxd5 cxd5 32.Ng3 Bh4 33.Bxd5 Qa6 34.Bc4 Qa5 35.Bd2 Nf6 36.Qg2 Qc7 37.Kg1 Qc8
38.Rxe8 Rxe8 39.Nxf5 Nxf5 40.Ne2 a6 41.Bf7 Rxe2 42.Qxe2 Qd7 43.Be6 Qxd4+
44.Kg2 Ng3 45.Qf3 Nge4 46.Bc1 Qc5 47.Bc4 b5 48.Bd3 Nc3 49.Be3 Qe7 50.Rd2 Ncd5
51.Re2 Nc3 52.Rc2 Ncd5 53.Bd2 Be1 54.Bxe1 Qxe1 55.Re2 Qc1 56.Rf2 Kh6 57.Qg3 Ne7
58.Rc2 Qd1 59.Qg5+ Kg7 60.Qe5 Qxd3 61.Qxe7+ Kh8 62.Qxf6+  1-0

[Event "Yalta op"]
[Site "Yalta"]
[Date "1995.??.??"]
[Round "?"]
[White "Efimov, Igor"]
[Black "Rogovski, Vladimir"]
[Result "0-1"]
[WhiteElo "2450"]
[BlackElo "2460"]

1.g3 e5 2.c4 g6 3.Nc3 Bg7 4.Bg2 f5 5.e3 Nf6 6.Nge2 O-O 7.O-O d6 8.d3 h6 9.f4 c6
10.Kh1 Be6 11.Rb1 a5 12.b3 Nbd7 13.e4 Qc7 14.Be3 Rae8 15.Qd2 Kh7 16.Rbd1 Nh5
17.fxe5 Nxe5 18.Nd4 Bc8 19.exf5 gxf5 20.Nde2 Ng4 21.Bg1 Qe7 22.Nf4 Nxf4 23.gxf4 Qh4
24.Rde1 Bd4 25.h3 Rxe1 26.Rxe1 Nf2+ 27.Bxf2 Bxf2 28.Rf1 Bd4 29.Ne2 Bb6 30.d4 Re8
31.a3 Qe7 32.Nc1 Qe3 33.Qxe3 Rxe3 34.Rd1 Be6 35.a4 Bf7 36.Kh2 Bh5 37.Rd2 Rc3
38.Ne2 Rxb3 39.Ng3 Bg6 40.h4 h5 41.Bh3 Rb4 42.Nxf5 Rxc4 43.Nxd6 Rc2 44.Rxc2 Bxc2
45.Nxb7 Bxa4 46.Bd7 Bb3 47.Bxc6 a4 48.Nc5 Bxc5 49.dxc5 a3 50.Be4+ Kg7  0-1

[Event "EU-ch U18"]
[Site "Zagan"]
[Date "1995.??.??"]
[Round "8"]
[White "Ruck, Robert"]
[Black "Bobras, Piotr"]
[Result "1/2-1/2"]
[WhiteElo "2480"]
[BlackElo "2300"]

1.c4 e5 2.g3 Nf6 3.Bg2 Nc6 4.Nc3 Bb4 5.Nd5 Bc5 6.d3 h6 7.Nf3 d6 8.O-O O-O
9.e3 a6 10.b3 Be6 11.Nc3 Ba7 12.Bb2 Qd7 13.Ne4 Nh7 14.d4 exd4 15.Nxd4 Nxd4
16.Bxd4 Bxd4 17.Qxd4 Bh3 18.Rfd1 Bxg2 19.Kxg2 Rfe8 20.Qd5 Qc8 21.h4 Re5 22.Qd4 Qe6
23.Nc3 Rd8 24.Rd2 Nf6 25.Rad1 c6 26.Qb6 Rd7 27.Rd4 d5 28.cxd5 Nxd5 29.Nxd5 Rexd5
30.e4 Rxd4 31.Rxd4 Rxd4 32.Qxd4 h5 33.Kf3 g6 34.Qb6 Qe7 35.b4 Qf6+ 36.Kg2 Qe6
37.Qxb7 Qxe4+ 38.Kg1 Qb1+ 39.Kg2 Qxa2 40.Qxc6 Kg7 41.b5 axb5 42.Qxb5  1/2-1/2

[Event "Zalakaros op"]
[Site "Zalakaros"]
[Date "1995.??.??"]
[Round "1"]
[White "Csom, Istvan"]
[Black "Schild, Herbert"]
[Result "1-0"]
[WhiteElo "2455"]
[BlackElo "2125"]

1.c4 e5 2.g3 c6 3.Nf3 d6 4.Nc3 Nf6 5.Bg2 Be7 6.O-O O-O 7.e4 c5 8.h3 Nc6 9.d3 a6
10.Nh4 Nd4 11.f4 b5 12.Nf3 b4 13.Nb1 Qc7 14.Nbd2 a5 15.a4 bxa3 16.Rxa3 Bd7
17.Nb1 Rab8 18.Nc3 Rb4 19.g4 Rfb8 20.g5 Nxe4 21.Nxe4 exf4 22.Nxd4 cxd4 23.Qd2 d5
24.cxd5 R4b5 25.d6 Bxd6 26.Nxd6 Qxd6 27.Qxf4 Qg6 28.Rxa5  1-0

[Event "Zaragoza op-A"]
[Site "Zaragoza"]
[Date "1995.??.??"]
[Round "1"]
[White "Foisor, Cristina Adela B"]
[Black "De la Villa Garcia, Jesus Maria"]
[Result "1/2-1/2"]
[WhiteElo "2375"]
[BlackElo "2490"]

1.c4 e5 2.g3 d5 3.cxd5 Qxd5 4.Nf3 Bb4 5.Nc3 Bxc3 6.dxc3 Qxd1+ 7.Kxd1 f6 8.Bg2 Nc6
9.e4 a5 10.Be3 Be6 11.Kc2 Nge7 12.Nd2 Nc8 13.f4 Nd6 14.a4 b6 15.f5 Bd7 16.g4 Nd8
17.h4 Bc6 18.Bf3 N8b7 19.Rhe1 Nc5 20.Bxc5 bxc5 21.Re3 Ke7 22.Be2 g6 23.Bc4 gxf5
24.exf5 h5 25.g5 Nxf5 26.gxf6+ Kxf6 27.Rf1 Rhf8 28.b3 Rae8 29.Bd3 Ke6 30.Bxf5+ Rxf5
31.Rfe1 Bd5 32.c4 Bg2 33.Rg3 Rf2 34.Rg5 Kf6 35.Kc1 e4 36.Rg1 e3 37.R5xg2 exd2+
38.Kc2 Rxg2 39.Rxg2 Rd8 40.Kd1 Rd4 41.Rg5 Rxh4 42.Rxc5 Rh2 43.Rxa5 h4 44.Rh5 Kg6
45.Rh8 Kf5 46.a5 Ke4 47.Kc2 d1=Q+ 48.Kxd1 Kd3 49.Ke1 Kc3 50.a6 Ra2 51.Rxh4  1/2-1/2

[Event "Zaragoza op-A"]
[Site "Zaragoza"]
[Date "1995.??.??"]
[Round "1"]
[White "Foisor, Ovidiu"]
[Black "Lalic, Bogdan"]
[Result "1/2-1/2"]
[WhiteElo "2415"]
[BlackElo "2590"]

1.c4 e5 2.g3 Nc6 3.Bg2 g6 4.Nc3 Bg7 5.Rb1 Nf6 6.d3 h6 7.Nf3 O-O 8.O-O d6
9.b4 a6 10.a4 Nd4 11.Nd2 c6 12.a5 d5 13.e3 Ne6 14.Na4 Ng5 15.Nb6 Rb8 16.Nxc8 Rxc8
17.Bb2 Qe7 18.Qb3 Qe6 19.h4 Ngh7 20.e4 dxe4 21.dxe4 Rfd8  1/2-1/2

[Event "Zaragoza op-A"]
[Site "Zaragoza"]
[Date "1995.??.??"]
[Round "3"]
[White "Suba, Mihai"]
[Black "Garcia Palermo, Carlos"]
[Result "1-0"]
[WhiteElo "2475"]
[BlackElo "2490"]

1.c4 e5 2.g3 Nc6 3.Nc3 g6 4.d3 Bg7 5.Bg2 Nf6 6.Nf3 O-O 7.O-O d6 8.Rb1 a6
9.Bg5 h6 10.Bxf6 Qxf6 11.b4 Qd8 12.a4 Nd4 13.Nd2 Ne6 14.Nb3 c6 15.a5 Nc7
16.Na4 Rb8 17.Nb6 Be6 18.d4 exd4 19.Nxd4 d5 20.Nxe6 fxe6 21.Qc2 g5 22.Rbd1 Qe7
23.e4 d4 24.c5 e5 25.Nc4 Nb5 26.Bh3 Rbd8 27.Rfe1 d3 28.Rxd3 Nd4 29.Qa2 Qf7
30.Red1 Kh8 31.Bf5 Nf3+ 32.Kf1 Rxd3 33.Rxd3 Qh5 34.Nd6 Nxh2+ 35.Kg2 g4 36.Qe2  1-0

[Event "Zaragoza op-A"]
[Site "Zaragoza"]
[Date "1995.??.??"]
[Round "8"]
[White "Foisor, Cristina Adela B"]
[Black "Granados Gomez, Manuel"]
[Result "0-1"]
[WhiteElo "2375"]
[BlackElo "2400"]

1.c4 e5 2.g3 d6 3.Bg2 f5 4.Nc3 Nf6 5.d3 Be7 6.Nf3 O-O 7.O-O Qe8 8.c5 Kh8
9.cxd6 cxd6 10.Bg5 Nc6 11.Nb5 Qd8 12.a4 h6 13.Bd2 a6 14.Nc3 g5 15.Rb1 Qe8
16.b4 f4 17.b5 axb5 18.axb5 Nd8 19.Bc1 Qh5 20.Re1 Bh3 21.Bh1 Ne6 22.Bb2 Bd8
23.Ne4 g4 24.Nfd2 Nxe4 25.Bxe4 fxg3 26.fxg3 Qf7 27.Kh1 Nc5 28.e3 Qf2 29.Rg1 Qxe3
30.Qe1 Qf2 31.Qxf2 Rxf2 32.Nc4 Be7 33.Ra1 Raf8 34.Bc1 Nxe4 35.dxe4 Bf1 36.Ne3 Be2
37.Re1 Bf3+ 38.Kg1 Bxe4 39.Ba3 Rd2 40.Rad1 Rxd1 41.Rxd1 Bf3 42.Rd3 Rd8 43.Kf2 Be4
44.Rc3 h5 45.Rc7 Bf8 46.Nc4 Kg8 47.Ke3 Bf3 48.Nb6 Bg7 49.Nd7 d5 50.Be7 d4+
51.Kf2 e4 52.Bxd8 e3+ 53.Kg1 d3 54.Nf6+ Bxf6 55.Bxf6 e2  0-1

[Event "Zlin"]
[Site "Zlin"]
[Date "1995.??.??"]
[Round "?"]
[White "Vaulin, Alexander"]
[Black "Polak, Tomas"]
[Result "0-1"]
[WhiteElo "2490"]
[BlackElo "2450"]

1.c4 e5 2.g3 Nf6 3.Bg2 Nc6 4.Nc3 Bb4 5.Nd5 Bc5 6.e3 O-O 7.Ne2 d6 8.O-O a5
9.d4 Ba7 10.dxe5 Nxe5 11.b3 c6 12.Ndc3 Qe7 13.Ba3 Bc5 14.Bxc5 dxc5 15.Qc2 h5
16.h3 h4 17.g4 Nfxg4 18.hxg4 Bxg4 19.f4 Ng6 20.e4 h3 21.Bh1 f5 22.Kh2 Rae8
23.e5 Qc7 24.Qd2 Nxe5 25.fxe5 Rxe5 26.Nf4 g5 27.Rf2 Rd8 28.Qc1 Rd4 29.Kg1 gxf4
30.Qf1 Re3 31.Nd5 cxd5 32.Bxd5+ Kh7 33.Kh1 Qe5 34.Rc1 f3 35.Bxb7 Re2 36.Qg1 Rdd2
37.Rcf1 Rxf2 38.Rxf2 Re2 39.Bxf3 Re1  0-1

[Event "Zlin"]
[Site "Zlin"]
[Date "1995.??.??"]
[Round "?"]
[White "Vaulin, Alexander"]
[Black "Mokry, Karel"]
[Result "1/2-1/2"]
[WhiteElo "2490"]
[BlackElo "2505"]

1.c4 e5 2.g3 Nc6 3.Bg2 g6 4.e3 Bg7 5.Ne2 Nge7 6.Nbc3 O-O 7.O-O d6 8.d3 Be6
9.Nd5 Qd7 10.Rb1 Nc8 11.b3 Nd8 12.d4 f6 13.e4 c6 14.Ne3 Bh3 15.d5 Bxg2 16.Kxg2 Ne7
17.f3 Nf7 18.Bd2 cxd5 19.Nxd5 Nxd5 20.cxd5 f5 21.Rc1 fxe4 22.fxe4 Bh6  1/2-1/2

[Event "Zlin"]
[Site "Zlin"]
[Date "1995.??.??"]
[Round "?"]
[White "Vaulin, Alexander"]
[Black "Stohl, Igor"]
[Result "1/2-1/2"]
[WhiteElo "2490"]
[BlackElo "2525"]

1.c4 e5 2.g3 Nf6 3.Bg2 d5 4.cxd5 Nxd5 5.Nc3 Nb6 6.Nf3 Nc6 7.O-O Be7 8.a3 Be6
9.b4 O-O 10.Rb1 f6 11.d3 Nd4 12.Nd2 c6 13.e3 Nb5 14.Nxb5 cxb5 15.Ne4 Na4
16.Bb2 a5 17.Ba1  1/2-1/2

[Event "POL-chT"]
[Site "Augustow"]
[Date "1996.??.??"]
[Round "?"]
[White "Aksiuczyc, Monika"]
[Black "Erenska Radzewska, Hanna"]
[Result "1/2-1/2"]
[WhiteElo "2120"]
[BlackElo "2215"]

1.c4 e5 2.g3 Nf6 3.Bg2 Be7 4.Nc3 c6 5.d4 d6 6.e3 O-O 7.Nge2 Be6 8.b3 Qc8
9.Bb2 Na6 10.O-O Bh3 11.Qd2 Bxg2 12.Kxg2 Nc7 13.f4 exd4 14.Nxd4 d5 15.cxd5 Ncxd5
16.Nxd5 cxd5 17.Rac1 Qd7 18.Nf3 Ne4 19.Qd4 Bf6 20.Ne5 Qb5 21.Qd1 Rfc8 22.Qg4 Qe8
23.Bd4 Bxe5 24.Bxe5 f6 25.Bd4 Rc6 26.Qf5 Rd8 27.Rfe1 h5 28.Rxc6 bxc6 29.Rc1 g6
30.Qh3 c5 31.Bxc5 Nxc5 32.Rxc5 d4 33.exd4 Qe4+ 34.Kf1 Qf3+ 35.Kg1 Qe3+ 36.Kf1 Qd3+
37.Kg2 Qe4+ 38.Kf1 Qd3+ 39.Kg1 Qe4 40.Kf1  1/2-1/2

[Event "AUT-chT2O 9697"]
[Site "Austria"]
[Date "1996.??.??"]
[Round "?"]
[White "Eisterer, Heinrich"]
[Black "Jansa, Vlastimil"]
[Result "1/2-1/2"]
[WhiteElo "2340"]
[BlackElo "2500"]

1.c4 e5 2.g3 g6 3.Bg2 Bg7 4.Nc3 d6 5.e3 Nf6 6.Nge2 O-O 7.O-O Re8 8.d3 c6
9.h3 Na6 10.f4 exf4 11.gxf4 d5 12.cxd5 Nxd5 13.Nxd5 cxd5 14.d4 Qh4 15.Kh2 Bg4
16.Bd2 Re7 17.Qe1 Qxe1 18.Raxe1 Bxe2 19.Rxe2 Bxd4 20.Bxd5 Rd8 21.Bf3 Bxb2
22.Rb1 Ba3 23.Rxb7 Rxb7 24.Bxb7 Nc5 25.Bc6 Rd6 26.Ba8 Rd3 27.Kg2 f5 28.Kf3 Ne6
29.Kg2 Nc5 30.Ba5 Kf7 31.Bc6 a6 32.Rc2 Ke6 33.Kf3 Kd6 34.Ba8 Rd1 35.Rd2+ Rxd2
36.Bxd2 Nd3 37.e4 fxe4+ 38.Bxe4 Nc5 39.Bc2 Nd7 40.f5 Ne5+ 41.Kg3 Kd5 42.Bb3+ Ke4
43.Bc2+ Kd4 44.Bf4 Nd3 45.fxg6 hxg6 46.Bxd3 Kxd3 47.Kg4 Ke4 48.Bd2  1/2-1/2

[Event "AUT-chT2O 9697"]
[Site "Austria"]
[Date "1996.??.??"]
[Round "?"]
[White "Todor, Razvan"]
[Black "Reschun, Sascha"]
[Result "0-1"]
[WhiteElo "2115"]
[BlackElo "2235"]

1.c4 e5 2.g3 Nc6 3.Bg2 d6 4.Nc3 Be6 5.d3 Qd7 6.Rb1 g6 7.h3 Bg7 8.e3 Nge7
9.Nd5 O-O 10.Ne2 Nd8 11.Nxe7+ Qxe7 12.O-O Qd7 13.Kh2 d5 14.Qc2 c6 15.b3 Rc8
16.e4 f5 17.Ba3 Rf7 18.Rbc1 d4 19.exf5 gxf5 20.Ng1 Bf6 21.Rce1 Rg7 22.Bc1 Nf7
23.f4 Kh8 24.fxe5 Bxe5 25.Bf4 Bxf4 26.Rxf4 Rcg8 27.Ne2 c5 28.Rg1 Ne5 29.Rf2 Rg6
30.Bf3 Qg7 31.Qd1 Bd7 32.Qd2 Rh6 33.Nf4 Qg5 34.Qe2 Re8 35.Qf1 Bc6 36.Bd1 Rf8
37.Be2 a6 38.Ng2 Bd7 39.Nh4 f4 40.Rxf4 Rxf4 41.Qxf4 Qxf4 42.gxf4 Rxh4 43.fxe5 Rxh3+
44.Kg2 Re3 45.Kf2 Rxe5 46.Bf3 b6 47.Be4 Re6 48.a3 Rf6+ 49.Ke2 Bf5 50.Bd5 Bg6
51.b4 Rf4 52.Rg5 Rf5 53.Rg3 Kg7 54.Bb7 a5 55.bxc5 bxc5 56.Be4 Re5 57.Kd2 Kf6
58.Bg2 Rg5 59.Rf3+ Rf5 60.Rxf5+ Kxf5 61.Kc2 Kf4  0-1

[Event "AUT-chT9697"]
[Site "Austria"]
[Date "1996.??.??"]
[Round "3"]
[White "Hoelzl, Franz"]
[Black "Bischoff, Klaus"]
[Result "1/2-1/2"]
[WhiteElo "2435"]
[BlackElo "2530"]

1.c4 e5 2.g3 Nf6 3.Bg2 d5 4.cxd5 Nxd5 5.Nf3 Nc6 6.O-O Nb6 7.d3 Be7 8.a3 O-O
9.Nbd2 a5 10.b3 Be6 11.Bb2 f6 12.Qc2 Qd7 13.e3 Rfd8 14.d4 exd4 15.Bxd4 Bf8  1/2-1/2

[Event "AUT-ch (Women)"]
[Site "?"]
[Date "1996.??.??"]
[Round "1"]
[White "Happala, M."]
[Black "Sommer, Sonja"]
[Result "0-1"]
[WhiteElo "1895"]
[BlackElo "2030"]

1.c4 e5 2.g3 Nc6 3.Bg2 d6 4.e3 Be6 5.b3 g6 6.d4 exd4 7.exd4 Bg7 8.Ne2 Qd7
9.Nbc3 Bh3 10.O-O Nge7 11.d5 Bxg2 12.Kxg2 Ne5 13.f4 Ng4 14.h3 Nf6 15.Nd4 h5
16.Qd3 O-O-O 17.Bd2 Nf5 18.Nxf5 gxf5 19.Qd4 b6 20.h4 Ne4 21.Qd3 Rhg8 22.Rf3 Rde8
23.Re1 Qe7 24.Rfe3 Bxc3 25.Bxc3 Qxh4 26.c5 dxc5 27.Rh1 Qxh1+ 28.Kxh1 Nf2+
29.Kg2 Nxd3 30.Rxd3 Re2+ 31.Kf3 Rxa2 32.Be5 Re8 33.d6 cxd6 34.Rxd6 Ra3 35.Rc6+ Kd7
36.Rd6+ Ke7 37.Rd3 Kf8 38.Bb2 Ra2 39.Bf6 b5 40.Be5 Kg8 41.Rd5 Ra3 42.Rxc5 Rxb3+
43.Kg2 Rxe5 44.Rxe5 a5 45.Rxf5 a4 46.Rg5+ Kf8 47.Rxh5 a3 48.Rh8+ Kg7 49.Ra8 Rb2+
50.Kf3 a2 51.Ke3 b4 52.Kd4  0-1

[Event "AUT-ch (Women)"]
[Site "?"]
[Date "1996.??.??"]
[Round "3"]
[White "Fauland Borek, Jutta"]
[Black "Hackbarth, Christa"]
[Result "1-0"]
[WhiteElo "2110"]
[BlackElo "1840"]

1.c4 e5 2.g3 Nc6 3.Bg2 d6 4.Nc3 Nf6 5.d3 Bd7 6.e4 Be7 7.Nge2 Qc8 8.h3 h6
9.Be3 Nh7 10.Nd5 Bg5 11.f4 exf4 12.Nexf4 Nf8 13.Qd2 Qd8 14.h4 Be7 15.Nh5 Ne6
16.d4 Bf8 17.Rf1 Nb8 18.Qf2 f6 19.Nhxf6+ gxf6 20.Nxf6+ Qxf6 21.Qxf6 Rh7  1-0